| 000 | 00585cam a22001817 4500 | ||
|---|---|---|---|
| 001 | tmp84012322 | ||
| 003 | DLC | ||
| 005 | 20260227112753.0 | ||
| 008 | 921102s1904 gw 000 0 ger | ||
| 010 |
_atmp84012322 _zunk84012322 |
||
| 040 |
_aDLC _cCarP _dDLC |
||
| 050 | 0 | 0 |
_aQD399 _b.L7 |
| 100 | 1 |
_aLiebig, Heinrich, _cFreiherr von, _d1877- [from old catalog] |
|
| 245 | 1 | 0 | _aÜberführung des Dibenzalacetons in Derivate des Diphenylcyklopentans. |
| 260 |
_aHalle a.d.S., _bDruck von Ehrhardt Karras, _c1904. |
||
| 300 |
_a54 p. _c24 cm. |
||
| 502 | _aInaug.-Diss.--Halle-Wittenberg. | ||
| 999 |
_c91009 _d91009 |
||